00556 2200157 4500245005600000250001100056100002400067650004900091005001900140260005100159041001400210084000800224500013300232490002400365336000900389 aDunia Hewan dan TumbuhancJean-Claude CorbellhText aCet. 1 aJean-Claude Corbell aKAMUS IPA BERGAMBAR : Manusia dan Masyarakat a20231116091521 aJakartabEnsiklopedia Nasional Indonesiac2012 aIndonesia a503 aDaftar Isi : 1. Dunia Tumbuhan : Evolusi Kehidupan, Organisme tunggal dan ekinodermata. 2.Dunia Hewan : Mamalia pemakan serangga aKamus IPA Bergambar atext